000
00292nam a22001337a 4500
003
SGT
082
_a
546,MAL
100
_a
MALIK
245
_a
Selected Topics in Inorganic Chemistry
260
_a
NEW DELHI
_b
S. CHAND
_c
2016
300
_a
1142
650
_a
Chemistry
942
_2
ddc
_c
FPS
_0
11
999
_c
10063
_d
10063